| 000 | 00419nam a22001577a 4500 | ||
|---|---|---|---|
| 003 | NUST - PNEC | ||
| 005 | 20170116180954.0 | ||
| 008 | 150909b xxu||||| |||| 00| 0 eng d | ||
| 040 | _cLIBRARY | ||
| 082 | _a510.782 STE | ||
| 100 |
_97605 _aStewart, C. A. |
||
| 245 |
_aBasic analogue computer techniques _cC. A. Stewart |
||
| 260 | _cc 1967 | ||
| 650 |
_99244 _aElectronic analog computers _xEL, EE |
||
| 942 |
_2ddc _cBK |
||
| 999 |
_c66501 _d66501 |
||